| 000 | 00734nam a2200193Ia 4500 | ||
|---|---|---|---|
| 003 | GCL | ||
| 008 | 140319s9999 xx 000 0 ara d | ||
| 020 | _a0325265977 | ||
| 040 |
_aGCL / _cGCL |
||
| 082 | 0 | 4 |
_a027.4 _bخ و |
| 100 | 1 | _aخالد الحديدى | |
| 245 | 1 | 0 |
_aالوجه العربى لمكتبة الاسكندرية القديمة ومدرستها / _cخالد الحديدى |
| 260 |
_aالقاهرة : _bدار ومكتبة الاسراء للطبع والنشر والتوزيع ، _c2003 |
||
| 300 |
_a163 ص ؛ _c24 سم |
||
| 650 | 0 | 4 | _aمكتبة الاسكندرية القديمة |
| 650 | 0 | 4 | _aالمكتبات العامة - مصر |
| 650 | 0 | 4 | _aالمكتبات - تاريخ - مصر |
| 942 |
_2ddc _cBK |
||
| 999 |
_c9301 _d9301 |
||